000 01256nam a2200313Ia 4500
001 ebr10346520
003 CaPaEBR
006 m u
007 cr cn|||||||||
008 080820s2009 enkabef sb 001 0 eng d
010 _z 2009275706
020 _z0199215332 (hbk.)
020 _z9780199215331 (hbk.)
040 _aCaPaEBR
_cCaPaEBR
035 _a(OCoLC)518181140
050 1 4 _aTK7871.15.M48
_bS65 2009eb
100 1 _aSolymar, L.
_q(Laszlo)
245 1 0 _aWaves in metamaterials
_h[electronic resource] /
_cL. Solymar, E. Shamonina.
260 _aOxford ;
_aNew York :
_bOxford University Press,
_c2009.
300 _axvi, 385 p., [16] p. of plates :
_bill. (some col.), maps, plans.
504 _aIncludes bibliographical references (p. [349]-379) and index.
533 _aElectronic reproduction.
_bPalo Alto, Calif. :
_cebrary,
_d2010.
_nAvailable via World Wide Web.
_nAccess may be limited to ebrary affiliated libraries.
650 0 _aElectromagnetism.
650 0 _aMetamaterials.
655 7 _aElectronic books.
_2local
700 1 _aShamonina, E.
_q(Ekaterina)
710 2 _aebrary, Inc.
856 4 0 _uhttp://site.ebrary.com/lib/rucke/Doc?id=10346520
_zAn electronic book accessible through the World Wide Web; click to view
999 _c32273
_d32273